Katseye - SIS or Beautiful Chaos? - Statistics

General Stats
  • This quiz has been taken 134 times
  • The average score is 9 of 10
Answer Stats
Hint Answer % Correct
Gnarly Beautiful Chaos
98%
Gabriela Beautiful Chaos
97%
M.I.A. Beautiful Chaos
97%
Gameboy Beautiful Chaos
95%
Tonight I Might SIS
94%
Debut SIS
93%
I'm Pretty SIS
92%
Touch SIS
91%
My Way SIS
90%
Mean Girls Beautiful Chaos
88%
No matching quizzes found
Score Distribution
Percent of People with Each Score
Percentile by Number Answered
Your Score History
You have not taken this quiz